El kızı (Record no. 451)

MARC details
000 -BAŞLIK
Sabit Uzunlukta Kontrol Alanı 00596na a2200241 4500
001 - KONTROL NUMARASI
Denetim Alanı 14303
003 - KONTROL NUMARASI IDENTIFIER
Denetim Alanı MIRAKIL
005 - SON İŞLEM TARİHİ VE ZAMANI
Denetim Alanı 20181213154749.0
008 - SABİT-BOY VERİ ELEMANLARI - GENEL BİLGİLER
Sabit Uzunlukta Kontrol Alanı 170510b tu 000 0
020 ## - ULUSLARARASI STANDART KİTAP NUMARASI
Uluslararası Standart Kitap Numarası 9789752894662
035 ## - SİSTEM KONTROL NUMARASI
Sistem Kontrol Numarası 14303
040 ## - KATALOGLAMA KAYNAK
Orijinal Kataloglama Ajansı Milas
Kataloglama Dili tur
Metne Dönüştürmek Ajansı TR-AnCHP
082 ## - DEWEY ONLU SINIFLANDIRMA NUMARASI
Sınıflandırma Numarası 813.42
Ürün Numarası O63e 2008
090 ## - SINIFLAMA NUMARASI
Sınıflama Numarası 813.42 O63e 2008
100 ## - ANA GİRİŞ - KİŞİSEL İSİM
Kişisel Ad Orhan Kemal
245 ## - BAŞLIK TABLOSU
Başlık El kızı
Sorumluluk Tablosu, Vb Orhan Kemal
250 ## - EDITION TABLOSU
Baskı Beyanı 15. bs.
260 ## - YAYIN, DAĞITIM, VB
Yayın, Dağıtım, Vb Yeri İstanbul
Yayıncı, Dağıtıcı, Vs Adı Everest yayınları
Yayın, Dağıtım, Vb Tarihi 2008
300 ## - FİZİKSEL TANIM
Kapsam 400 s.
Boyutlar 20 sm.
490 ## - SERİSİ TABLOSU
Seri Beyanı Everest
Hacim / Ardışık Tanımı 545
650 ## - KONU KATMA GİRİŞ - TOPİKAL DÖNEM
Topikal Süreli Veya Coğrafi Ad Giriş Elemanı Türk edebiyatı
Genel Alt Bölümü Roman
942 ## - EKLENDİ GİRİŞ ELEMANLARI (KOHA)
Sınıflandırma Veya Raf Düzeni Kaynak Dewey Decimal Classification
Koha Öğesi Türü Books
999 ## - SİSTEM KONTROL NUMARALARI (KOHA)
Koha Biblionumber 451
Koha Biblioitemnumber 451
Holdings
Kalıcı Konum Mevcut Konum Edinme Tarihi Edinim Kaynak Toplam Check-Out'Lar Tam Çağrı Numarası Barkod Tarih Son Görülme Tarihi Geçen Teslim İtibaren Geçerli Fiyatlar Koha Öğesi Türü
CHP Kütüphanesi CHP Kütüphanesi 08/26/2016 Bağış 2 813.42 O63e 2008 001079 01/20/2022 01/14/2022 08/26/2016 Books